Générique Minus et Cortex - Paroles - Statistiques

Statistiques générales
  • Ce quiz a été pris 62 fois
  • Le résultat moyen est 16 sur 27
Statistiques - réponses
Paroles % Correct
C'est Cortex et {Minus}
100%
C'est Minus et {Cortex}
100%
Tenter de {conquérir} {le} {monde} !
90%
C'est Cortex et {Minus}
78%
C'est Minus et {Cortex}
78%
Pour partir à la {conquête}
76%
De toute la {planète}
74%
Dis Cortex, tu veux faire quoi {cette} {nuit} ?
74%
Bayes Bayes Bayes {Bayes}
70%
Bayes Bayes Bayes {Bayes}
68%
C'est p'tites souris {cobayes}
68%
Bayes Bayes Bayes {Bayes}
62%
Bayes Bayes Bayes {Bayes}
62%
La même chose que {chaque} {nuit}, Minus
62%
Des plans sur la {comète}
60%
A la {Terre} toute entière
58%
C'est p'tites souris {cobayes}
58%
L'une est plein d'{astuce}
56%
L'autre est un vrai {nimbus}
46%
Quelles {canailles}
46%
Quelles {canailles}
40%
Deux souris {diaboliques}
38%
Du génie {génétique}
28%
Tendre une {souricière}
22%
Dans {leurs} {têtes} elles projètent
20%
De vouloir sans {complexe}
20%
Qui ont le {réflexe}
14%
Aucun quiz correspondant
Distribution des résultats
% des personnes avec chaque résultat
Percentile par nombre de réponses
Votre historique - résultats
Vous n’avez pas pris ce quiz